[Event "EU-ch Amateur U1700"]
[Site "Rhodes"]
[Date "2019.04.11"]
[Round "6.9"]
[White "Kalpakidis, Daniel Kyriakos"]
[Black "Apostolakis, Ioannis"]
[Result "1-0"]
[WhiteElo "1211"]
[BlackElo "1439"]
[PlyCount "85"]
[EventDate "2019.04.06"]
[EventType "swiss"]
[EventRounds "9"]
[EventCountry "GRE"]
[SourceTitle "EXT 2024"]
[Source "ChessBase"]
[SourceDate "2023.10.10"]
[SourceVersion "1"]
[SourceVersionDate "2023.10.10"]
[SourceQuality "1"]

1. d4 f5 2. e3 Nf6 3. Bd3 g6 4. b3 Bg7 5. Bb2 b6 6. Nf3 Bb7 7. Nbd2 e6 8. 0-0 0-0 9. a3 d6 10. Ng5 Qe7 11. Bc4 d5 12. Bd3 Ne4 13. Ngxe4 fxe4 14. Be2 Nd7 15. c4 c5 16. a4 a5 17. f3 cxd4 18. exd4 e3 19. Nb1 Qg5 20. Kh1 Rad8 21. Na3 e5 22. Nb5 Qe7 23. Ba3 Qf6 24. Bxf8 Bxf8 25. Rc1 Kh8 26. cxd5 Bxd5 27. Bc4 Bb7 28. Re1 Bh6 29. Rc2 exd4 30. Qxd4 Ne5 31. Qa1 Qf4 32. Rd1 Rf8 33. Qd4 Qf6 34. Be2 Qf5 35. Rc7 Bc8 36. Nd6 Qe6 37. Rxc8 Rxc8 38. Nxc8 Bg7 39. Qd8+ Qg8 40. Qxg8+ Kxg8 41. Kg1 g5 42. Bc4+ Kf8 43. Rd8# 1-0